[Event "Buxton e2e4 op-B 03"]
[Site "Buxton"]
[Date "2013.03.17"]
[Round "4"]
[White "Jukes, Steve"]
[Black "Grobler, David J"]
[Result "1-0"]
[WhiteElo "1766"]
[BlackElo "1742"]
[PlyCount "71"]
[EventDate "2013.03.15"]
[EventType "swiss"]
[EventRounds "5"]
[EventCountry "ENG"]
[SourceTitle "EXT 2015"]
[Source "ChessBase"]
[SourceDate "2014.11.20"]
[SourceVersion "1"]
[SourceVersionDate "2014.11.20"]
[SourceQuality "1"]

1. c4 Nf6 2. g3 g6 3. Bg2 c5 4. Nf3 Nc6 5. Nc3 Bg7 6. 0-0 0-0 7. d3 e6 8. Bd2 d5 9. a3 b6 10. Rb1 Bb7 11. b4 cxb4 12. axb4 a6 13. Qb3 dxc4 14. dxc4 Qe7 15. Be3 Nd7 16. Rfd1 Rfb8 17. Ne4 Nce5 18. Nxe5 Nxe5 19. Bxb6 f5 20. Bc5 Qc7 21. Bd6 Qxc4 22. Qxc4 Nxc4 23. Bxb8 Rxb8 24. Ng5 Bxg2 25. Kxg2 e5 26. Rd7 h6 27. Ne6 Bf6 28. Ra7 Rb6 29. Nc5 a5 30. Nd7 Rd6 31. Nxf6+ Rxf6 32. bxa5 e4 33. Rb8+ Rf8 34. Rxf8+ Kxf8 35. a6 Ne5 36. Rc7 1-0